Statistics for Most Total Viewed Songs Each Month

Click here to take the quiz!

General Stats

  • This quiz has been taken 7 times
  • The average score is 6 of 11

Answer Stats

HintAnswer% Correct
Ed SheeranShape Of You
100%
Luis Fonsi ft Daddy YankeeDespacito
86%
PsyGangnam Style
71%
Wiz Khalifa ft Charlie PuthSee You Again
71%
Justin BieberSorry
57%
Mark Ronson ft Bruno MarsUptown Funk
57%
OneRepublicCounting Stars
43%
Katy PerryRoar
43%
Ed SheeranThinking Out Loud
43%
El Chombe ft Cutty RanksDame Tu Cosita
29%
Maroon 5Sugar
14%

Score Distribution

Percentile by Number Answered

Percent of People with Each Score

Your Score History

You have not taken this quiz